Capitales des pays participants à la coupe du monde de foot 1954 - Statistiques

Statistiques générales
  • Ce quiz a été pris 20 fois
  • Le résultat moyen est 14 sur 16
Statistiques - réponses
Réponses % Correct
Berlin (Bonn)
100%
Londres
100%
Paris
100%
Prague
100%
Rome
100%
Brasilia
94%
Budapest
94%
Berne
89%
Bruxelles
89%
Montevideo
89%
Vienne
89%
Belgrade
83%
Mexico
83%
Edimbourg
56%
Seoul
56%
Ankara
50%
Aucun quiz correspondant
Distribution des résultats
% des personnes avec chaque résultat
Percentile par nombre de réponses
Votre historique - résultats
Vous n’avez pas pris ce quiz